The Design ant Implementation of Programs in FORTRAN 77
Αποθηκεύτηκε σε:
| Κύριος συγγραφέας: | |
|---|---|
| Άλλοι συγγραφείς: | |
| Μορφή: | Βιβλίο |
| Γλώσσα: | English |
| Δημοσίευση: |
Englewood :
Prentice-Hall,
c1990
|
| Θέματα: | |
| Ετικέτες: |
Προσθήκη ετικέτας
Δεν υπάρχουν, Καταχωρήστε ετικέτα πρώτοι!
|
MARC
| LEADER | 00000nam a2200000 i 4500 | ||
|---|---|---|---|
| 001 | 1/62555 | ||
| 008 | 941103s1990 eng d | ||
| 020 | |a 0-13-200510-7 | ||
| 035 | |a 1993 |c ΠΑΝΑΓΙΩΤΟΠΟΥΛΟΣ |l 10046639 | ||
| 040 | |a GR-MY-UA |b gre |e aacr | ||
| 041 | 0 | |a eng | |
| 082 | 0 | |a 005.133 | |
| 100 | 1 | |a Lee, Hans. | |
| 245 | 1 | 4 | |a The Design ant Implementation of Programs in FORTRAN 77 / |c Hans Lee, Paul Munsell |
| 260 | |a Englewood : |b Prentice-Hall, |c c1990 | ||
| 300 | |a 340 p.; |c 23 cm.+ | ||
| 500 | |a Includes bibliographical references and index | ||
| 650 | 0 | 0 | |a FORTRAN 77 (Computer program language) |
| 700 | 1 | |a Munsell, Paul. | |
| 852 | |a INST |b SAMOS |e 19941103 |h 005.133 LEE |p 005300003687 |q 005300003687 |t BK |y 0 | ||
| 909 | |a Σ |b 029576 | ||